| 000 | 00000cas 2200000zi 4500 |
| 001 | 9.946668 |
| 003 | CaOODSP |
| 005 | 20251212073526 |
| 006 | m o d f |
| 007 | cr cn |||||||| |
| 008 | 250109c20249999oncar p o f0###b0fre d |
| 022 | |a2819-0122 |
| 040 | |aCaOODSP|bfre|erda|cCaOODSP |
| 043 | |an-cn--- |
| 086 | 1 |aPS71-9F-PDF |
| 110 | 2 |aService canadien du renseignement de sécurité.|eauteur, |eorganisme de publication. |
| 222 | 0|aStratégie d'équité, de diversité et d'inclusion du SCRS, bilan des mesures du rendement |
| 245 | 10|aStratégie d'équité, de diversité et d'inclusion du SCRS, bilan des mesures du rendement. |
| 246 | 3 |aStratégie d'équité, de diversité et d'inclusion du Service canadien du renseignement de sécurité, bilan des mesures du rendement |
| 246 | 30|aBilan des mesures du rendement |
| 264 | 1|a[Ottawa] : |bService canadien du renseignement de sécurité = Canadian Security Intelligence Service, |c[2024]- |
| 310 | |aAnnuel |
| 336 | |atexte|btxt|2rdacontent/fre |
| 337 | |ainformatique|bc|2rdamedia/fre |
| 338 | |aressource en ligne|bcr|2rdacarrier/fre |
| 362 | 1 |aParaît depuis : Phase 1 (printemps 2024). |
| 500 | |aPublié aussi en anglais sous le titre : CSIS diversity, equity and inclusion strategy summary performance measures scorecard. |
| 588 | |aDescription d'après : Phase 1 (printemps 2024); titre de la page couverture du fichier PDF. |
| 588 | |aDernière livraison consultée : Phase 1 (printemps 2024). |
| 610 | 26|aService canadien du renseignement de sécurité |vPériodiques. |
| 650 | 6|aMulticulturalisme en milieu de travail|xPolitique gouvernementale|zCanada|vPériodiques. |
| 655 | 7|aPériodiques|2rvmgf |
| 775 | 08|tCSIS diversity, equity and inclusion strategy summary performance measures scorecard.|w(CaOODSP)9.946669 |